000 00618nam a2200241 i 4500
001 C2-0342729
003 PPAK
005 20180728144034.0
008 170814s2017 enk |||| ||||| | eng d
020 _a9780857502308
040 _aPPAK
_beng
_cPPAK
_erda
082 0 4 _a823
_223
090 0 0 _a823
_bBEC
_dG
100 1 _aBecker, James,
_eauthor
245 1 4 _aThe templar heresy
264 1 _aLondon :
_bBantam Books ,
_c2017
300 _a411 pages ;
_c20 cm
336 _2rdacontent
_atext
337 _2rdamedia
_aunmediated
338 _2rdacarrier
_avolume
650 1 0 _aEnglish fiction.
942 _ddc
_cB
999 _c139622
_d139622